Descubrimiento arqueológicos / Lluys Soler i Fonrodona
Publicado:
San Jorge, núm. 84 (4t trimestre 1971), pàg 143 :
MARC
| LEADER | 00000nam a2200000Ia 4500 | ||
|---|---|---|---|
| 001 | |||
| 008 | 160829s9999 xx 000 0 cat d | ||
| 100 | |a Soler i Fonrodona, Lluís |9 40203 | ||
| 245 | |a Descubrimiento arqueológicos / Lluys Soler i Fonrodona | ||
| 260 | |a San Jorge, núm. 84 (4t trimestre 1971), pàg 143 | ||
| 650 | |a Mataró (Jaciment arqueològic) |9 40686 | ||
| 650 | |a Mataró |x Arqueologia |9 40687 | ||
| 901 | |a Arxiu | ||
| 942 | |n 1 | ||
| 952 | |0 0 |1 0 |4 0 |7 1 |9 50462 |a Arxiu |b Arxiu |d 2016-12-01 |l 0 |r 2016-12-01 00:00:00 |w 2016-12-01 |y ARXIU | ||
| 999 | |c 54304 |d 54304 | ||